[Event "AUTO-OPEN-4616"]
[Site "http://www.queenalice.com/game.php?id=1868678"]
[Date "2026.1.30"]
[Round "2"]
[White "cerenzo72"]
[Black "pizzaiolo72"]
[Result "0-1"]
[WhiteElo "2222"]
[BlackElo "2141"]

1. c4 g6 2. d4 Nf6 3. Nf3 d6 4. Nc3 Bg7 5. e3 O-O 6. Be2 c5 7. O-O cxd4 8. exd4
Nbd7 9. d5 b6 10. Rb1 a5 11. b3 Nc5 12. Bb2 Bf5 13. Nh4 Bxb1 14. Qxb1 e6 15.
dxe6 fxe6 16. Nf3 d5 17. cxd5 Nxd5 18. Nxd5 exd5 19. Bxg7 Kxg7 20. Nd4 Qf6 21.
Qd1 Ne4 22. Qd3 Rac8 23. f4 Rc3 24. Qd1 Rfc8 25. Bg4 Re8 26. f5 g5 27. Ne6+ Rxe6
28. fxe6 Qe5 29. Rf5 Qd6 30. Rxd5 Qf4 31. Qd4+ Kh6 32. Rd7 Rc1+ 33. Bd1 Rxd1+
34. Qxd1 Qe3+ 35. Kf1 Qf2# 0-1

[Event "AUTO-OPEN-4616"]
[Site "http://www.queenalice.com/game.php?id=1868679"]
[Date "2026.1.30"]
[Round "2"]
[White "pizzaiolo72"]
[Black "cerenzo72"]
[Result "0-1"]
[WhiteElo "2167"]
[BlackElo "2160"]

1. e4 e5 2. Nf3 d6 3. d4 exd4 4. Nxd4 Nf6 5. Nc3 Be7 6. Bg5 b6 7. Bd3 Bb7 8. O-O
Nbd7 9. f3 O-O 10. Nf5 h6 11. Nxe7+ Qxe7 12. Bh4 Ne5 13. Qe2 Rad8 14. Rad1 Ng6
15. Bxf6 Qxf6 16. Qf2 c6 17. f4 Rfe8 18. f5 Ne5 19. Qg3 Nxd3 20. cxd3 Rd7 21.
Rd2 Red8 22. Ne2 c5 23. Nf4 Qd4+ 24. Qf2 Qe5 25. Re1 a5 26. b3 Re8 27. Rde2 Ba6
28. Re3 Qd4 29. Rg3 Qxf2+ 30. Kxf2 Kh7 31. Nd5 b5 32. Nb6 Rde7 33. Nd5 Rd7 34.
Nb6 Rb7 35. Nd5 c4 36. d4 cxb3 37. axb3 a4 38. b4 Rd7 39. Nb6 Rde7 40. Nd5 Rxe4
41. Rxe4 Rxe4 42. Rd3 Bb7 43. Nc3 Rf4+ 44. Ke3 Rxf5 45. g4 Rg5 46. h4 Rxg4 47.
Nxb5 Ba6 48. Nxd6 Bxd3 49. Kxd3 Rg3+ 50. Kc2 Kg6 51. h5+ Kxh5 52. Nxf7 a3 53.
Ne5 g5 54. d5 Rg2+ 55. Kb1 Re2 56. Nc6 Rd2 57. Ne7 g4 58. Ng8 g3 59. Nf6+ Kh4
0-1

[Event "Challenge"]
[Site "http://www.queenalice.com/game.php?id=1869123"]
[Date "2026.2.11"]
[Round "-"]
[White "jogo"]
[Black "pizzaiolo72"]
[Result "0-1"]
[WhiteElo "1714"]
[BlackElo "2155"]

1. e4 Nf6 2. e5 Nd5 3. c4 Nb6 4. d4 d6 5. f4 dxe5 6. fxe5 Nc6 7. Be3 e6 8. a3
Na5 9. g3 Bd7 10. Nc3 Naxc4 11. Bc1 c5 12. b3 cxd4 13. Qxd4 Na5 14. b4 Nac4 15.
Bxc4 Nxc4 16. Qxc4 Rc8 17. Qd3 Be7 18. Nf3 O-O 19. h4 Bc6 0-1

[Event "Challenge"]
[Site "http://www.queenalice.com/game.php?id=1869124"]
[Date "2026.2.11"]
[Round "-"]
[White "pizzaiolo72"]
[Black "jogo"]
[Result "1-0"]
[WhiteElo "2165"]
[BlackElo "1744"]

1. g4 d5 2. Bg2 Bxg4 3. c4 Nf6 4. cxd5 Nxd5 5. Qb3 c6 6. Qxb7 Nb6 7. Bxc6+ Nxc6
8. Qxc6+ Bd7 9. Qg2 Rc8 10. Nc3 Bc6 11. Nf3 e5 12. d3 h6 13. Be3 1-0

[Event "AUTO-OPEN-4644"]
[Site "http://www.queenalice.com/game.php?id=1870899"]
[Date "2026.3.24"]
[Round "1"]
[White "tucuman10"]
[Black "pizzaiolo72"]
[Result "1-0"]
[WhiteElo "2362"]
[BlackElo "2135"]

1. d4 d5 2. c4 e5 3. e3 Nc6 4. Nc3 exd4 5. exd4 Nf6 6. Nf3 Bb4 7. Bd3 Bg4 8. O-O
Nxd4 9. Qa4+ Nc6 10. cxd5 Bxc3 11. dxc6 Bxf3 12. cxb7+ Kf8 13. bxa8=Q Qxa8 14.
bxc3 Bc6 15. Qb4+ Kg8 16. Rb1 Nd7 17. Re1 g6 18. Bh6 Qd8 19. Qd4 1-0

[Event "AUTO-OPEN-4644"]
[Site "http://www.queenalice.com/game.php?id=1870900"]
[Date "2026.3.24"]
[Round "1"]
[White "pizzaiolo72"]
[Black "tucuman10"]
[Result "0-1"]
[WhiteElo "2130"]
[BlackElo "2376"]

1. e4 e6 2. Nc3 d5 3. exd5 exd5 4. d4 Nc6 5. Nf3 Nf6 6. Bg5 Bb4 7. a3 Bxc3+ 8.
bxc3 h6 9. Bh4 g5 10. Bg3 Qe7+ 11. Qe2 Ne4 12. Be5 f6 13. Bg3 Bg4 14. h3 O-O-O
15. hxg4 Rhe8 16. Bh2 Qf8 17. Qd3 Nc5+ 18. Kd2 Nxd3 19. Bxd3 b6 20. Ba6+ Kb8 21.
a4 Na5 22. Kd3 Nc4 23. Rhb1 Qe7 24. Re1 Qh7+ 0-1

[Event "AUTO-OPEN-4644"]
[Site "http://www.queenalice.com/game.php?id=1870927"]
[Date "2026.3.24"]
[Round "1"]
[White "josebaron"]
[Black "pizzaiolo72"]
[Result "0-1"]
[WhiteElo "2162"]
[BlackElo "2122"]

1. e4 Nf6 2. Nc3 e5 3. Nf3 d6 4. Bc4 Be7 5. Ng5 O-O 6. d3 h6 7. Nf3 Nc6 8. Nd5
Na5 9. Nxe7+ Qxe7 10. Bb3 Nxb3 11. axb3 Bg4 12. h3 Bh5 13. g4 Bg6 14. Nh4 Bh7
15. Nf5 Bxf5 16. exf5 e4 17. Be3 Rfe8 18. O-O a6 19. c4 c5 20. d4 b5 21. Re1 Nd7
22. Bf4 Qh4 23. Kg2 Qf6 24. cxb5 axb5 25. Rxa8 Rxa8 26. dxc5 Nxc5 27. b4 Nd3 28.
Rxe4 Nxf4+ 29. Rxf4 Qe5 30. Qd4 Ra2 31. Qxe5 dxe5 32. Re4 Rxb2 33. h4 g5 34.
fxg6 fxg6 35. Kg3 Kf7 36. f3 Kf6 37. g5+ hxg5 38. hxg5+ Kf5 39. Kh3 Rb3 40. Kg3
Rb1 41. Kg2 Rd1 42. Kf2 Rd4 43. Re3 Rxb4 44. Kg3 Rb1 45. Re4 b4 46. Kg2 b3 47.
Kf2 b2 0-1

[Event "AUTO-OPEN-4644"]
[Site "http://www.queenalice.com/game.php?id=1870928"]
[Date "2026.3.24"]
[Round "1"]
[White "pizzaiolo72"]
[Black "josebaron"]
[Result "0-1"]
[WhiteElo "2134"]
[BlackElo "2199"]

1. e4 e5 2. f4 exf4 3. Bc4 Be7 4. Nf3 Bh4+ 5. Nxh4 Qxh4+ 6. Kf1 d6 7. Qf3 Nc6 8.
d3 Nd4 9. Qxf4 Qxf4+ 10. Bxf4 Nxc2 11. Ke2 Be6 12. Bb5+ c6 13. Ba4 Nxa1 14. Nc3
b5 15. Bd1 b4 16. Bxd6 bxc3 17. bxc3 Bxa2 18. Ba4 Kd7 19. Rxa1 Kxd6 20. Rxa2 f6
21. Bb3 Ne7 22. Ra6 Rhb8 23. Bc2 Rb6 24. Ra5 c5 25. d4 cxd4 26. cxd4 Nc6 27.
Rd5+ Ke7 28. Ba4 Rb2+ 29. Kf3 Rb6 30. g4 Rd8 31. Rxd8 Nxd8 32. d5 a5 33. h4 Rb4
0-1

[Event "AUTO-OPEN-4644"]
[Site "http://www.queenalice.com/game.php?id=1870945"]
[Date "2026.3.24"]
[Round "1"]
[White "cerenzo72"]
[Black "pizzaiolo72"]
[Result "1-0"]
[WhiteElo "2161"]
[BlackElo "2146"]

1. c4 e5 2. Nc3 Nf6 3. g3 c5 4. Bg2 Nc6 5. e3 Nb4 6. d3 d6 7. a3 Nc6 8. Nge2 g6
9. Rb1 a5 10. d4 cxd4 11. exd4 exd4 12. Nxd4 Bg7 13. Nxc6 bxc6 14. Bxc6+ Bd7 15.
Bxa8 Qxa8 16. Nd5 Bh3 17. Nc7+ 1-0

[Event "AUTO-OPEN-4644"]
[Site "http://www.queenalice.com/game.php?id=1870946"]
[Date "2026.3.24"]
[Round "1"]
[White "pizzaiolo72"]
[Black "cerenzo72"]
[Result "0-1"]
[WhiteElo "2133"]
[BlackElo "2127"]

1. e4 e5 2. f4 exf4 3. Bc4 Nf6 4. e5 Ng8 5. Nf3 Be7 6. O-O d6 7. exd6 cxd6 8.
Qe2 Nf6 9. d3 O-O 10. Bxf4 d5 11. Bb3 Re8 12. Nc3 Bc5+ 13. Kh1 Rxe2 14. Nxe2 Bg4
15. h3 Bxf3 16. Rxf3 Nc6 17. Bg5 Be7 18. Raf1 Na5 19. Nd4 Nxb3 20. axb3 h6 21.
Bh4 Rc8 22. c3 Rc7 23. Nb5 Rd7 24. Nxa7 Qa8 25. Nb5 Qa2 26. R3f2 Qxb3 27. Nd4
Qb6 28. Nf5 Qd8 29. Nxh6+ gxh6 30. Bxf6 Bxf6 31. Rxf6 Kg7 32. R6f2 Qb6 33. d4
Qc6 34. Rf3 Re7 35. Rg3+ Kh7 36. Rgf3 Qd6 37. Rf6 Qd7 38. R6f3 Kg6 39. Rf6+ Kg5
40. R6f4 f5 41. b4 Re3 42. R4f3 Rxf3 43. Rxf3 Qe6 44. Kh2 Qe2 45. Kg3 h5 46. h4+
Kf6 47. Kh3 Qe4 48. Kg3 Qg4+ 49. Kf2 Qxh4+ 50. Kg1 f4 51. Kf1 Kf5 52. Kg1 Qe1+
53. Kh2 h4 54. Rd3 Kg4 55. Rf3 b5 56. Rd3 Kf5 57. Rf3 Ke4 58. Kh3 Qh1+ 0-1

[Event "AUTO-MASTER-3299"]
[Site "http://www.queenalice.com/game.php?id=1870997"]
[Date "2026.3.25"]
[Round "1"]
[White "pizzaiolo72"]
[Black "chessman"]
[Result "1-0"]
[WhiteElo "2125"]
[BlackElo "1994"]

1. g4 d5 2. Bg2 Bxg4 3. c4 c6 4. cxd5 cxd5 5. Qb3 Qc7 6. Nc3 Be6 7. Bxd5 Bxd5 8.
Nxd5 Qc8 9. d3 Nc6 10. Bf4 e5 11. Bg3 Nge7 12. Rc1 f6 13. Nf3 Nxd5 14. Qxd5 Qd7
15. Qxd7+ Kxd7 16. O-O Bd6 17. a3 a6 18. Rfd1 Rac8 19. e4 Ke6 20. d4 Nxd4 21.
Nxd4+ exd4 22. Rxc8 Rxc8 23. Bxd6 Kxd6 24. Rxd4+ Ke5 25. Rd7 Kxe4 26. Rxb7 Kf3
27. h3 Rc1+ 28. Kh2 Kxf2 29. Rxg7 Rc2 30. Rg2+ 1-0

[Event "AUTO-MASTER-3299"]
[Site "http://www.queenalice.com/game.php?id=1870998"]
[Date "2026.3.25"]
[Round "1"]
[White "chessman"]
[Black "pizzaiolo72"]
[Result "0-1"]
[WhiteElo "1992"]
[BlackElo "2114"]

1. e4 Nf6 2. d3 e5 3. Nf3 d6 4. Be2 Nc6 5. O-O Be7 6. Nc3 h6 7. h3 O-O 8. Re1 d5
9. Nxd5 Nxd5 10. exd5 Nb8 11. Nxe5 Bf6 12. Nf3 Qxd5 13. c3 Nc6 14. d4 b5 15. Be3
a5 16. a3 Be6 17. Qd2 Ne7 18. Bd3 Nf5 19. Rac1 Nxe3 20. Rxe3 Rfe8 21. Rce1 c6
22. Ne5 Bg5 23. Be4 Qxe4 24. Rxe4 Bxd2 25. R1e2 Bd5 0-1

[Event "AUTO-MASTER-3299"]
[Site "http://www.queenalice.com/game.php?id=1871000"]
[Date "2026.3.25"]
[Round "1"]
[White "LAIRE"]
[Black "pizzaiolo72"]
[Result "1-0"]
[WhiteElo "2202"]
[BlackElo "2119"]

1. d4 d5 2. c4 e5 3. dxe5 d4 4. a3 Nc6 5. Nf3 Be6 6. Nbd2 f5 7. exf6 Nxf6 8. Nb3
Bxc4 9. Nbxd4 Bc5 10. e3 Qd5 11. Bxc4 Qxc4 12. Nxc6 bxc6 13. Qe2 Qxe2+ 14. Kxe2
O-O 15. Rd1 Rad8 16. Rxd8 Rxd8 17. b4 Bb6 18. Bb2 a5 19. bxa5 Bxa5 20. Rd1 Rd5
21. Nd4 c5 22. Nb3 Rxd1 23. Kxd1 Bb6 24. Bxf6 gxf6 25. Kc2 Kf7 26. Kd3 Ke6 27.
Kc4 Kd6 28. g4 c6 29. f4 h6 30. a4 1-0

[Event "AUTO-MASTER-3291"]
[Site "http://www.queenalice.com/game.php?id=1871874"]
[Date "2026.4.13"]
[Round "2"]
[White "pizzaiolo72"]
[Black "cerenzo72"]
[Result "1-0"]
[WhiteElo "2113"]
[BlackElo "2177"]

1. e4 e5 2. Nf3 d6 3. Bc4 Be7 4. O-O Nf6 5. d3 Bg4 6. Nbd2 Nbd7 7. h3 Bh5 8. Re1
O-O 9. Nf1 Nb6 10. Bb3 a5 11. a4 Nfd7 12. Ng3 Bg6 13. c3 c6 14. d4 exd4 15. cxd4
Qc7 16. Bf4 Qd8 17. Rc1 Nf6 18. Nh4 Rc8 19. Nxg6 hxg6 20. Qd3 Nh5 21. Nxh5 gxh5
22. Qf3 Bg5 23. Be3 g6 24. Qg3 Bxe3 25. Qxg6+ Kh8 26. Qxh5+ Kg7 27. Rxe3 d5 28.
Rg3+ Kf6 29. Qe5# 1-0

[Event "AUTO-MASTER-3291"]
[Site "http://www.queenalice.com/game.php?id=1871875"]
[Date "2026.4.13"]
[Round "2"]
[White "cerenzo72"]
[Black "pizzaiolo72"]
[Result "1-0"]
[WhiteElo "2159"]
[BlackElo "2109"]

1. c4 g6 2. d4 Bg7 3. Nf3 Nf6 4. Nc3 d5 5. cxd5 Nxd5 6. e4 Nf6 7. Bc4 O-O 8. h3
c5 9. e5 Nfd7 10. e6 fxe6 11. Bxe6+ Kh8 12. d5 Ne5 13. Ng5 Bxe6 14. Nxe6 Qc8 15.
Nxf8 Qxf8 16. O-O Nbd7 17. Ne4 Rd8 18. Ng5 Qf5 19. Ne6 Rc8 20. Nxg7 Kxg7 21. Bd2
Nd3 22. Bc3+ Kg8 23. Qb3 b6 24. Rad1 c4 25. Qa3 Rc5 26. Qxa7 Qxd5 27. Bb4 Rb5
28. Bxe7 Rxb2 29. Bh4 c3 30. Qc7 c2 31. Qd8+ Kf7 32. Qh8 cxd1=Q 33. Rxd1 Qe5 34.
Qxh7+ Kf8 35. Qxd7 Nc5 36. Qh7 Qg7 37. Qxg7+ Kxg7 38. Rd6 Rb1+ 39. Kh2 b5 40. f3
Na4 41. Ra6 Kh6 42. f4 Kh5 43. Bg5 Rb2 44. Ra8 1-0